00342nam a2200133Ia 4500008004100000020001500041041001200056100001600068245005100084260003200135300000800167650001500175700001800190221030s9999 xx 000 0 und d a9380358888 aEnglish aN. D. Bhatt 0aMachine Drawingcby N. D. Bhatt, V. M. Panchal bCharotar PubaGujaratc2014 a360 aMechanical aV. M. Panchal